| 000 | 00432nam a2200145 a 4500 | ||
|---|---|---|---|
| 001 | 000037426 | ||
| 005 | 20240502094959.0 | ||
| 008 | 101014s1985 sp r 000 0 spa d | ||
| 040 |
_aDO-SdBNP _bspa _cBNPHU |
||
| 082 |
_axxxxx _bC355F |
||
| 100 | 1 |
_aCastro, Fidel _d 1926-2016 _916971 |
|
| 245 | 1 | 0 |
_aFidel y la religión : _bconversaciones con Frei Betto. |
| 260 |
_aSanto Domingo : _bAlfa & Omega, _c1985. |
||
| 300 |
_a380 p. ; _c17 cm. |
||
| 999 |
_c36916 _d36916 |
||